| 000 | 01124nam a2200217Ia 4500 | ||
|---|---|---|---|
| 999 |
_c8419 _d8419 |
||
| 005 | 20241209143133.0 | ||
| 008 | 230621s9999 xx 000 0 und d | ||
| 020 | _a968-18-2738-4 | ||
| 040 |
_aUPAN _cBiblioteca San Vicente _eRCAA2 |
||
| 041 | _aspa | ||
| 082 |
_a350.132 5 _bA238p _c1994 |
||
| 100 |
_aAcevedo Ibáñez, Alejandro _4aut. |
||
| 245 | 0 |
_aEl proceso de la entrevista:/ _bConceptos y modelos/ _c Alejandro Acevedo Ibáñez, Alba Florencia A. López M. |
|
| 250 | _a4° ed. | ||
| 260 |
_aMexico: _bLimusa; _c1994 |
||
| 300 |
_a200 p.; _c21 cm. |
||
| 505 | _aI- Generalidades. II- Tipos de entrevista. III- Pasos de la entrevista. IV- Comunicación. V- Tres grandes artes: preguntar, escuchar, observar. VI- Técnicas para mejorar la entrevista. VII- Rasgos del entrevistado. VIII- Características del entrevistador. IX- Desarrollo de la personalidad. X- Entrevista de selección. XI- Otros tipos de entrevista usados. XII- Ubicación de la entrevista dentro de la organización. | ||
| 650 |
_2LEMB _xEntrevista de trabajo _vGuía |
||
| 700 | _4A. Lopéz M. Alba Florencia | ||
| 942 |
_cBK _2ddc |
||